« Retourner aux résultats de recherche
Arbre de la connaissance (L')
| Auteur principal: | Joann Sfar |
|---|---|
| Support: | Livres |
| Langue: | Francais |
| Publié: |
DL 2025 Dargaud Neuilly |
| Series: |
Le chat du rabbin |
| Genre: |
Bandes déssinées ADULTE |
| Collection: |
Le chat du rabbin |
| Sujets: | |
| Étiquettes: |
Ajouter
Pas de Tags !
|
| LEADER | 00704nam0a2200205 450 | ||
|---|---|---|---|
| 001 | 16847359 | ||
| 010 | |a 9782205211719 |d 17,95 | ||
| 100 | |a 20251023d2026 u u0frey01 ba | ||
| 101 | 0 | |a fre | |
| 102 | |a FR | ||
| 200 | 0 | |a Arbre de la connaissance (L') |f Joann Sfar |g couleur, Brigitte Findakly | |
| 207 | 1 | |a | |
| 210 | |a Neuilly |b 12 Rue Blaise Pascal. |c Dargaud |d DL 2025 | ||
| 215 | |a 1 vol. (70 p.) |c ill. en coul. |d 30 cm | ||
| 225 | 1 | |a Le chat du rabbin |v 131 | |
| 461 | 0 | |t Le chat du rabbin |v 13 | |
| 700 | 0 | |a Sfar |b Joann |f 1971-.... |4 70 | |
| 900 | |a Bandes déssinées ADULTE | ||
| 901 | |a Accessible au prêt | ||
| 995 | |a Bibliothèque |c Bibliothèque |f 024025916 |h 024025916 |k BDA SFA |o p |q a |r az |e Bibliothèque | ||
